| 000 | 00703cam a2200217 i 4500 | ||
|---|---|---|---|
| 001 | 79028 | ||
| 003 | BD-RjUL | ||
| 005 | 20211220103420.0 | ||
| 008 | 211220s1962 ara b 001 p ara d | ||
| 035 | _a(BD-RjUL)79028 | ||
| 040 |
_aHLS _beng _erda _cHLS _dDLC |
||
| 041 | _aara | ||
| 082 |
_223 _a892.71 _bDEH 1962 |
||
| 100 | 1 |
_aRafi'i, Muhammad Abdul Qadir Saeed ;; رافعي, محمد عبدالقادر سعيد _eauthor. _9263 |
|
| 245 | 1 | 0 |
_aديوان الحماسه ;; Dīwān-i Ḥamāsah / _b/ _cمحمد عبدالقادر سعيد الرافعي |
| 264 | 1 |
_aMisr : _bMatbuat tawfiq, _c1962 |
|
| 300 |
_a258 pages ; _c23 cm |
||
| 650 | 0 | _vPoetry. | |
| 942 |
_2ddc _cBK |
||
| 999 |
_c79028 _d79028 |
||